1009 1189 1440 1339 1089 1292 1547 1723 1243 1578 1375 1245 1354 1766 1403 1886 1893 1830 1449 1084 1459 1143 1078 1661 1340 1933 1485 1700 1915 1004 1801 1730 1965 1026 1729 1952 1486 1193 1961 1887 1092 1016 1997 1416 1182 1228 1311 1677 1518 1689 1814 1435 1736 1865 1483 1998 1570 1153 1730 1478 1990 1896 1665 1576 1275 1430 1907 1388 1494 1339 1003 1552 1349 1141 1274 1991 1325 1565 1458 1173 1406 1823 1469 1956 1464 1940 1631 1041 1197 1059 1803 1737 1936 1118 1443 1127 1895 1162 1161 BCNSPRNW ULIB Ver.6.0+V

เปลี่ยนเป็นภาษาไทย

Change to English
 แสดงรายละเอียดบรรณานุกรม
  กลับหน้าหลัก

Brief Record : Get Marc (ISO 2709) : E-mail record : QR code < ปิดหน้าต่าง
LEADER : 00000nam 2200000uu 4500
001    13399110698
003     ULIB
008    110607s2544||||th 000 0 tha d
020    9746441833
060 04 WS100^bส122ก 2544
245 00 กุมารเวชศาสตร์ :^bเวชปฏิบัติทันสมัย /^cพรรณี วาสิกนานนท์,มาลัย ว่องชาญชัยเลิศ, สมจิตร์ จารุรัตนศิริกุล, บรรณาธิการ
250    พิมพ์ครั้งที่ 1
260    สงขลา :^bภาควิชากุมารเวชศาสตร์ คณะแพทยศาสตร์มหาวิทยาลัยสงขลานครินทร์,^c2544
300    236, [xi] หน้า :^bภาพประกอบ ;^c30 ซม.
650  7 กุมารเวชศาสตร์
700 0  พรรณี วาสิกนานนท์,^eบรรณาธิการ
700 0  มาลัย ว่องชาญชัยเลิศ,^eบรรณาธิการ
700 0  สมจิตร์ จารุรัตนศิริกุล,^eบรรณาธิการ
710 2  มหาวิทยาลัยสงขลานครินทร์. ^bคณะแพทยศาสตร์.^bภาควิชากุมารเวชศาสตร์
945    ^p250^l0^i015572
945    ^p250^l0^i015571
945    ^p250^l0^i015570
995    ทศพร
999 ^a ใช้งานได้ทุกระบบ
รายการนี้ยังไม่มีแท็ก
คุณยังไม่ได้ล็อกอิน คุณสามารถมีกิจกรรมร่วมกับเว็บไซต์ได้ แต่ต้องล็อกอินก่อน ::
  ล็อกอิน

รายการสื่อสารสนเทศ

ลำดับที่ ประเภท เลขเรียก/บาร์โค้ด สถานที่ สถานะ
- ไม่พบข้อมูล -

รายการใกล้เคียง
    หัวเรื่อง [กุมารเวชศาสตร์]

BibComment


ยังไม่เคยถูกคอมเมนท์

คอมเมนท์ทรัพยากรรายการนี้
  คอมเมนท์: กุมารเวชศาสตร์ เ..


 Copyright 2026. Bcnsprnw @Library